000 00578nam a2200181Ia 4500
005 20250508152619.0
008 008 250505s9999 xx 000 0 eng d
037 _aTextual
040 _aFEDL
_beng
_cFEDL
041 _aeng
_2eng
084 _a371.62, HER
_qFEDL
100 _aHerrick John H et. al
_9761947
245 0 _aFrom school program to school plant: A discussion of problems of planning school buildings
260 _aNew York, USA
_bHenry Holt and Company
_c1956
300 _axiv,482p.
942 _cTEXL
_h371.62, HER
999 _c1337600
_d1337600